| Tag |
First Indicator |
Second Indicator |
Subfields |
| LEADER |
00000cam a2200000 4500 |
| 001 |
in00000452425 |
| 005 |
20151012092249.0 |
| 008 |
730301s1947 nyu 00000 eng |
| 010 |
|
|
|a 47004841
|
| 035 |
|
|
|a (OCoLC)00567196
|
| 035 |
|
|
|9 ABY6885AM
|
| 040 |
|
|
|c CSU
|d OCL
|d TXA
|d UtOrBLW
|
| 049 |
|
|
|a TXAM
|c [415682]
|
| 050 |
|
0 |
|a HM131
|b .M6 1947
|
| 082 |
0 |
|
|a 658.01
|
| 100 |
1 |
|
|a Mooney, James D.
|q (James David),
|d 1884-1957.
|
| 245 |
1 |
4 |
|a The principles of organization.
|
| 250 |
|
|
|a Rev ed.
|
| 264 |
|
1 |
|a New York :
|b Harper,
|c [1947]
|
| 300 |
|
|
|a x, 223 pages ;
|c 21 cm.
|
| 336 |
|
|
|a text
|b txt
|2 rdacontent
|
| 337 |
|
|
|a unmediated
|b n
|2 rdamedia
|
| 338 |
|
|
|a volume
|b nc
|2 rdacarrier
|
| 500 |
|
|
|a First edition, 1931, by James D. Mooney and Alan C. Campbell, has title: Onward industry! The principles of organization and their significance to modern industry.
|
| 650 |
|
0 |
|a Organization.
|
| 999 |
|
|
|a MARS
|
| 999 |
f |
f |
|s 822ee1fb-2848-3c3f-8e48-310fa883c845
|i fda741ec-8ac2-3595-a690-b29cd9419107
|t 0
|
| 952 |
f |
f |
|p ric
|a Texas A&M University
|b Rellis Campus
|c Joint Library Facility
|d Remote Storage
|t 0
|e HM131 .M6 1947
|h Library of Congress classification
|i unmediated -- volume
|m A14802913515
|
| 998 |
f |
f |
|a HM131 .M6 1947
|t 0
|l Remote Storage
|